Gracias a Dios que comí: los orígenes del cristianismo en Iberoamérica y el Caribe, siglos XV-XX
Պահպանված է:
| Հիմնական հեղինակ: | |
|---|---|
| Ձևաչափ: | Գիրք |
| Լեզու: | իսպաներեն |
| Հրապարակվել է: |
Ciudad de México
Dabar
2000
|
| Շարք: | Colección Una Historia del Cristianismo, 7
|
| Խորագրեր: | |
| Ցուցիչներ: |
Ավելացրեք ցուցիչ
Չկան պիտակներ, Եղեք առաջինը, ով նշում է այս գրառումը!
|
MARC
| LEADER | 00000nam a2200000 a 4500 | ||
|---|---|---|---|
| 001 | UCM7835 | ||
| 003 | CL-VaPUC | ||
| 008 | 030110e20000000MX |||||||||||||||||spa|d | ||
| 020 | |a 9706521216 | ||
| 082 | 0 | 4 | |a 278 |b SAL |2 21 |
| 100 | 0 | |a Salinas Campos, Maximiliano |e author |9 473479 | |
| 245 | 1 | 0 | |a Gracias a Dios que comí: los orígenes del cristianismo en Iberoamérica y el Caribe, siglos XV-XX |
| 300 | |a 500 p | ||
| 942 | |c BK | ||
| 945 | |d 20030110 00:00:00 |a cmena | ||
| 260 | |a Ciudad de México |b Dabar |c 2000 | ||
| 650 | 0 | |a Historia del cristianismo |9 473480 | |
| 650 | 7 | |a EVANGELIZACION |2 CL-VaPUC |9 473481 | |
| 650 | 0 | |a Culturas indígenas |9 266389 | |
| 650 | 0 | |a Mitología |9 255719 | |
| 650 | 0 | |a Racismo |9 255805 | |
| 651 | 0 | |a América |9 255182 | |
| 651 | 7 | |a ISLAS CARIBES |2 CL-VaPUC |9 255533 | |
| 583 | |a last modification |c 20030110 00:00:00 |k Rodrigo Vera | ||
| 490 | 0 | |a Colección Una Historia del Cristianismo, 7 | |
| 999 | |c 302495 |d 302493 | ||
| 952 | |0 0 |1 0 |4 0 |6 278_000000000000000_SAL_2000 |7 0 |8 A |9 363111 |a BIBTEO |b BIBTEO |d 2019-11-21 |i 3815072 |o 278 SAL 2000 |p 3815072 |r 2025-01-17 |w 2019-11-21 |y BK |k ICR | ||
| 952 | |0 0 |1 0 |4 0 |6 278_000000000000000_SAL_2000 |7 0 |8 A |9 363112 |a BIBTEO |b BIBTEO |d 2019-11-21 |i 4500059 |o 278 SAL 2000 |p 4500059 |r 2025-01-17 |w 2019-11-21 |y BK |k ICR | ||
| 952 | |0 0 |1 0 |4 0 |6 278_000000000000000_SAL_2000 |7 0 |8 A |9 363113 |a BIBTEO |b BIBTEO |d 2019-11-21 |i 4569385 |o 278 SAL 2000 |p 4569385 |r 2025-01-17 |w 2019-11-21 |y BK |k ICR | ||